| Tag |
First Indicator |
Second Indicator |
Subfields |
| LEADER |
00000cam a2200000 a 4500 |
| 001 |
in00000008130 |
| 005 |
20151002070145.0 |
| 008 |
870316s1987 nyua b 00110 eng |
| 010 |
|
|
|a 87007693
|
| 020 |
|
|
|a 002947700X
|
| 035 |
|
|
|a (OCoLC)15487660
|
| 035 |
|
|
|9 AAA0488AM
|
| 040 |
|
|
|a DLC
|c DLC
|d TXA
|d UtOrBLW
|
| 050 |
0 |
0 |
|a TA1522
|b .R36 1987
|
| 082 |
0 |
|
|a 621.36
|2 19
|
| 100 |
1 |
|
|a Rancourt, James D.
|
| 245 |
1 |
0 |
|a Optical thin films :
|b users' handbook /
|c James D. Rancourt.
|
| 264 |
|
1 |
|a New York :
|b Macmillan ;
|a London :
|b Collier Macmillan,
|c [1987]
|
| 264 |
|
4 |
|c ©1987
|
| 300 |
|
|
|a xii, 289 pages :
|b illustrations ;
|c 25 cm.
|
| 336 |
|
|
|a text
|b txt
|2 rdacontent
|
| 337 |
|
|
|a unmediated
|b n
|2 rdamedia
|
| 338 |
|
|
|a volume
|b nc
|2 rdacarrier
|
| 490 |
1 |
|
|a The Macmillan series in optical and electro-optical engineering
|
| 504 |
|
|
|a Bibliography: pages 281-286.
|
| 500 |
|
|
|a Includes index.
|
| 650 |
|
0 |
|a Optical films.
|
| 650 |
|
0 |
|a Light filters.
|
| 650 |
|
0 |
|a Thin films.
|
| 830 |
|
0 |
|a Macmillan series in optical and electro-optical engineering.
|
| 999 |
|
|
|a MARS
|
| 999 |
f |
f |
|s bb0abc3d-d00c-3c47-8ef1-9aed0703ef04
|i 4ad9c347-4486-3289-89f7-e4016a7dca17
|t 0
|
| 952 |
f |
f |
|p normal
|a Texas A&M University
|b College Station
|c Sterling C. Evans Library
|d Evans: Library Stacks
|t 0
|e TA1522 .R36 1987
|h Library of Congress classification
|i unmediated -- volume
|m A14812563419
|
| 998 |
f |
f |
|a TA1522 .R36 1987
|t 0
|l Evans: Library Stacks
|